000 00723nam a2200217 a 4500
001 000015618
005 20240530073918.0
008 100215s200u dr r 000 f spa d
020 _a9945850008
040 _aDO-SdBNP
_bspa
_cBNPHU
082 _aRD863.44
_bG216o
100 1 _aGarcía, Diógenes
_98453
245 1 0 _aOmnipotencia universal :
_b(novela científica - filosófica) /
_cDiógenes García.
260 _aSanto Domingo :
_b[s. n.],
_c[200?].
300 _a112 p. ;
_c21 cm.
500 _aIncluye datos biográficos del autor en la contracubierta.
590 _aInventariado, 2020/BT
650 0 _aNovela dominicana
_9223
650 0 _aLiteratura dominicana.
_967
910 _aValidado. Control de calidad EMS
999 _c15173
_d15173